000 00875nam a2200277 i 4500
001 bg
100 1 _aGABRYELCZYK, Renata
245 1 0 _aARIS w modelowaniu procesów biznesu /
_cRenata Gabryelczyk.
260 _aWarszawa :
_bCentrum Doradztwa i Informacji Difin,
_c2006.
300 _a175, [1] s. :
_brys. ;
_c24 cm.
490 1 _aStudia Informatyki Gospodarczej
504 _aBibliogr.
650 9 _aSystemy informatyczne zarządzania
650 9 _aARIS
655 _aPodręczniki
655 _aPodręczniki
830 _aStudia Informatyki Gospodarczej
020 _a8372516839
040 _cBPK
041 0 _apol
080 _a658.1/.5.012.4:004](075.8)
920 _a83-7251-683-9
942 _cKS
008 s pl f |000 0 pol
999 _c52973
_d52973
856 _uhttp://koha.tu.koszalin.pl/cgi-bin/koha/opac-detail.pl?biblionumber=52973
_yKatalog online BPK